000 00312nam a22001217a 4500
082 _a344.549104232
_bALI
100 _aAli, Wajahat
245 _aManual of Food Laws in Pakistan /
_cWajahat Ali
260 _aLahore:
_bIrfan Law Book House,
_cN.A.
300 _a757 p.
563 _aHB.
942 _2ddc
_cBK
999 _c614106
_d614106